Matetubers 5 (Record no. 28758)

MARC details
000 -LEADER
campo de control de longitud fija 00465nam a22001937a 4500
001 - NÚMERO DE CONTROL
campo de control 00028723
008 - DATOS DE LONGITUD FIJA--INFORMACIÓN GENERAL
campo de control de longitud fija 260408b ag ||||| |||| 00| 0 spa d
020 ## - NÚMERO INTERNACIONAL ESTÁNDAR DEL LIBRO
Número Internacional Estándar del Libro 9789870754671
040 ## - FUENTE DE CATALOGACIÓN
Lengua de catalogación Español; Castellano
Centro/agencia transcriptor AR-CcCEOS
080 ## - NÚMERO DE LA CLASIFICACIÓN DECIMAL UNIVERSAL
Número de la Clasificación Decimal Universal 517
090 ## - LOCALMENTE ASIGNADO TIPO-LC NÚMERO DE CLASIFICACIÓN (OCLC); NÚMERO DE CLASIFICACIÓN LOCAL (RLIN)
Número cutter local (OCLC) ; Número de libro/Signatura topográfica íntegra, CALL (RLIN) MAT
245 ## - MENCIÓN DEL TÍTULO
Título Matetubers 5
Resto del título /
250 ## - MENCION DE EDICION
Mención de edición 3ª ed.
260 ## - PUBLICACIÓN, DISTRIBUCIÓN, ETC.
Lugar de publicación, distribución, etc. Buenos Aires :
Nombre del editor, distribuidor, etc. Arte Gráfico,
Fecha de publicación, distribución, etc. 2022.
300 ## - DESCRIPCIÓN FÍSICA
Extensión 144 p. ;
Dimensiones 28x21 cm.
650 #0 - PUNTO DE ACCESO ADICIONAL DE MATERIA--TÉRMINO DE MATERIA
Término de materia o nombre geográfico como elemento de entrada matemáticas
942 ## - ELEMENTOS DE ENTRADA SECUNDARIOS (KOHA)
Fuente de la clasificación o esquema de estantería Clasificación decimal universal
Tipo de ítem Koha Libros
945 ## -
-- 66467
-- Melina Rolando
-- 66467
-- Melina Rolando
Holdings
Estatus retirado Estado de pérdida Fuente de la clasificación o esquema de estantería Estado de daño No para préstamo Colección Biblioteca de origen Biblioteca actual Fecha de adquisición Número de inventario Total de préstamos Signatura topográfica completa Código de barras Visto por última vez Precio de reemplazo Tipo de ítem Koha
    Clasificación decimal universal     SER Biblioteca Julio Serebrinsky Biblioteca Julio Serebrinsky 08/04/2026 46354   517 46354 08/04/2026 08/04/2026 Libros